01072ngm a2200337 4500003000400000005001700004007000500021008004100026010003800067024002400105035002000129035002000149040001300169082001400182245006200196260002900258300006300287440003200350500004900382500005800431500005400489538004900543650001900592700001700611700002000628700001700648700001400665700001900679700001700698700001900715dpl20081120111436.0DVD ||||||sp199 xxu|||||c ||| 00| 0 ng d  aDVD-001237-1239 & DVD-004536-4541 aSHE DVD 119c169.00 aDVD-001237-1239 aDVD-004536-4541 aDPLcDPL aDVD / DIL aDilcMaruti International Presentsh[videorecording] DVD/ bShemaroo Video Pvt. Ltd. a1 videodisc DVD; (173 min.) :bsd., col. ;c4 3/4 in.fDVD aShemaroo Home Entertainment aDigitally Re-Mastered From the Original Film aInteractive Menus of Songs and Scenes for Easy Access aFilmfare Award Winner Best Actress: Madhuri Dixit aDolby Digital 5.1 - Hindi Subtitles: English aMotion Picture aIndira Kumar aThakeria, Ashok aAnand Miland aAmir Khan aDixit, Madhuri aKher, Anupam aJaffery, Saeed